书目信息 |
| 题名: |
卫星定向技术
|
|
| 作者: | 吴美平 主编 | |
| 分册: | ||
| 出版信息: | 长沙 国防科技大学出版社 2007 |
|
| 页数: | 392页 | |
| 开本: | 21cm | |
| 丛书名: | 学术著作丛书 | |
| 单 册: | ||
| 中图分类: | P228.4 | |
| 科图分类: | ||
| 主题词: | 全球定位系统--研究 , 全球定位系统 | |
| 电子资源: | ||
| ISBN: | 978-7-81099-452-1 | |
| 000 | 01010nam0 2200277 450 | |
| 001 | 2333842620 | |
| 005 | 20231222092427.42 | |
| 010 | @a978-7-81099-452-1@b精装@d32.00CNY | |
| 100 | @a20090505d2007 em y0chiy0120 ea | |
| 101 | 0 | @achi |
| 102 | @aCN@b430000 | |
| 105 | @aa z 000yy | |
| 200 | 1 | @a卫星定向技术@Awei xing ding xiang ji shu@b专著@f吴美平主编 |
| 210 | @a长沙@c国防科技大学出版社@d2007 | |
| 215 | @a392页@c图@d21cm | |
| 225 | 2 | @a学术著作丛书 |
| 312 | @a封面英文题名:Orientation determination technology based on satellite navigation system | |
| 330 | @a本书以作者多年的科学研究成果为基础,论述了基于卫星载波相位干涉测量的定向定姿技术的基本理论、工程实现与应用。 | |
| 410 | 0 | @1001012000002744 |
| 510 | 1 | @aOrientation determination technology based on satellite navigation system@zeng |
| 606 | 0 | @a全球定位系统@x研究 |
| 606 | 0 | @a全球定位系统 |
| 690 | @aP228.4@v5 | |
| 701 | 0 | @a吴美平@Awu mei ping@f(1970~)@4主编 |
| 801 | 2 | @aCN@b辽宁北配@c20231205 |
| 905 | @aBZT@dP228.4@e6 | |
| 卫星定向技术/吴美平主编.-长沙:国防科技大学出版社,2007 |
| 392页:图;21cm.-(学术著作丛书) |
| ISBN 978-7-81099-452-1(精装):32.00CNY |
| 本书以作者多年的科学研究成果为基础,论述了基于卫星载波相位干涉测量的定向定姿技术的基本理论、工程实现与应用。 |
| ● |
| 相关链接 |
|
|
|
正题名:卫星定向技术
索取号:P228.4/6
 
预约/预借
| 序号 | 登录号 | 条形码 | 馆藏地/架位号 | 状态 | 备注 |
| 1 | 2001686103 | 2001686103 | 516书库/ [索取号:P228.4/6] | 在馆 | |
| 2 | 2001686104 | 2001686104 | 516书库/ [索取号:P228.4/6] | 在馆 | |
| 3 | 2001686105 | 2001686105 | 516书库/ [索取号:P228.4/6] | 在馆 | |
| 4 | 2001686106 | 2001686106 | 516书库/ [索取号:P228.4/6] | 在馆 | |
| 5 | 2001686107 | 2001686107 | 516书库/ [索取号:P228.4/6] | 在馆 | |
| 6 | 2001686108 | 2001686108 | 516书库/ [索取号:P228.4/6] | 在馆 | |
| 7 | 2001686109 | 2001686109 | 516书库/ [索取号:P228.4/6] | 在馆 | |
| 8 | 2001686110 | 2001686110 | 218书库/ [索取号:P228.4/6] | 在馆 | |
| 9 | 2001686111 | 2001686111 | 218书库/ [索取号:P228.4/6] | 在馆 | |
| 10 | 2001686112 | 2001686112 | 516书库/ [索取号:P228.4/6] | 在馆 | |
| 11 | 2001686113 | 2001686113 | 516书库/ [索取号:P228.4/6] | 在馆 | |
| 12 | 2001686114 | 2001686114 | 516书库/ [索取号:P228.4/6] | 在馆 | |
| 13 | 2001686115 | 2001686115 | 516书库/ [索取号:P228.4/6] | 在馆 | |
| 14 | 2001686116 | 2001686116 | 516书库/ [索取号:P228.4/6] | 在馆 | |
| 15 | 2001686117 | 2001686117 | 516书库/ [索取号:P228.4/6] | 在馆 | |
| 16 | 2001686118 | 2001686118 | 516书库/ [索取号:P228.4/6] | 在馆 | |
| 17 | 2001686119 | 2001686119 | 516书库/ [索取号:P228.4/6] | 在馆 | |
| 18 | 2001686120 | 2001686120 | 516书库/ [索取号:P228.4/6] | 在馆 | |
| 19 | 2001686121 | 2001686121 | 516书库/ [索取号:P228.4/6] | 在馆 | |
| 20 | 2001686122 | 2001686122 | 516书库/ [索取号:P228.4/6] | 在馆 | |
| 21 | 2001686123 | 2001686123 | 516书库/ [索取号:P228.4/6] | 在馆 | |
| 22 | 2001686124 | 2001686124 | 516书库/ [索取号:P228.4/6] | 在馆 | |
| 23 | 2001686125 | 2001686125 | 516书库/ [索取号:P228.4/6] | 在馆 | |
| 24 | 2001686126 | 2001686126 | 218书库/ [索取号:P228.4/6] | 在馆 | |
| 25 | 2001686127 | 2001686127 | 218书库/ [索取号:P228.4/6] | 在馆 | |
| 26 | 2001686128 | 2001686128 | 218书库/ [索取号:P228.4/6] | 在馆 | |
| 27 | 2001686129 | 2001686129 | 218书库/ [索取号:P228.4/6] | 在馆 |